Organizaciya samostoyatel'noj raboty studentov pri izučenii russkogo yazyka kak inostrannogo

Článok pojednáva o zvláštnostiach samoštúdia zahraničných študentov a o tom, ako zlepšiť ich zručnosti v zostavovaní ruských viet.

Salvato in:
Dettagli Bibliografici
Autore principale: Vazanova, Marina, 1976-
Natura: Capitolo di libro
Lingua:russo
Soggetti:
Tags: Aggiungi Tag
Nessun Tag, puoi essere il primo ad aggiungerne!!

MARC

LEADER 00000naa a2200000 4500
001 0297963
005 20240502084004.6
041 0 |a rus 
044 |a RU 
245 1 0 |a Organizaciya samostoyatel'noj raboty studentov pri izučenii russkogo yazyka kak inostrannogo  |c Marina Vazanova 
520 |a Článok pojednáva o zvláštnostiach samoštúdia zahraničných študentov a o tom, ako zlepšiť ich zručnosti v zostavovaní ruských viet. 
610 2 0 |a jazyky cudzie 
610 2 0 |a ruština 
610 2 0 |a jazykoveda 
610 2 0 |a vyučovanie 
610 2 0 |a študenti 
610 2 0 |a zručnosti 
100 1 |a Vazanova, Marina, 1976-